Элементарный учебник физики. Т. 3: Колебания и волны. Оптика. Атомная и ядерная физика (Запись № 7880032)

Подробности
000 -МАРКЕР
контрольное поле 01670nam2a22002891 4500
001 - ИДЕНТИФИКАТОР ЗАПИСИ
контрольное поле rc\212463
005 - ИДЕНТИФИКАТОР ВЕРСИИ
контрольное поле 20250612175036.0
010 ## - МЕЖДУНАРОДНЫЙ СТАНДАРТНЫЙ НОМЕР КНИГИ (ISBN)
Номер (ISBN) 5-02-015199-8
Тираж 11000
035 ## - ДРУГИЕ СИСТЕМНЫЕ НОМЕРА
Идентификатор записи (NLR Aleph) 008763540
100 ## - ДАННЫЕ ОБЩЕЙ ОБРАБОТКИ
Данные общей обработки 20030307d1995 |||y0rusy50 ca
101 0# - ЯЗЫК РЕСУРСА
Язык текста, звукозаписи и т.д. русский
102 ## - СТРАНА ПУБЛИКАЦИИ ИЛИ ПРОИЗВОДСТВА
Страна публикации Российская Федерация
105 ## - ПОЛЕ КОДИРОВАННЫХ ДАННЫХ: ТЕКСТОВЫЕ МАТЕРИАЛЫ, МОНОГРАФИЧЕСКИЕ
Кодированные данные о монографическом текстовом документе a |||||||||
200 1# - ЗАГЛАВИЕ И СВЕДЕНИЯ ОБ ОТВЕТСТВЕННОСТИ
Основное заглавие Колебания и волны. Оптика. Атомная и ядерная физика
Сведения, относящиеся к заглавию [В 3 т.]
Первые сведения об ответственности [Принимали участие Ф.С. Ландеберг-Барышанская и др.]
215 ## - ФИЗИЧЕСКАЯ ХАРАКТЕРИСТИКА
Специфическое обозначение материала и объем 654, [2] с.
Другие сведения о физической характеристике ил.
Размеры 21
300 ## - ОБЩИЕ ПРИМЕЧАНИЯ
Текст примечания Загл. корешка: Учебник физики
300 ## - ОБЩИЕ ПРИМЕЧАНИЯ
Текст примечания Изд. на средства Междунар. соросов. программы образования в обл. точ. наук ин-та "Открытое о-во"
320 ## - ПРИМЕЧАНИЯ О НАЛИЧИИ В ДОКУМЕНТЕ БИБЛИОГРАФИИ / УКАЗАТЕЛЯ
Текст примечания Библиогр. в конце кн.
320 ## - ПРИМЕЧАНИЯ О НАЛИЧИИ В ДОКУМЕНТЕ БИБЛИОГРАФИИ / УКАЗАТЕЛЯ
Текст примечания Предм. указ.: с. 650-655
461 #0 - УРОВЕНЬ НАБОРА
Встроенное поле 001rc\212460
-- 2001#$aЭлементарный учебник физики$eУчеб.$f[Принимали участие: М.А. Исакович, М.А. Леонтович, Д.И. Сахаров и др.]$gПод ред. акад. Г.С. Ландсберга$vТ. 3
Системный номер (АБИС) связанной записи 9546911
Место публикации М.
Дата публикации 1995
Издание 11-е изд.
Первые сведения об ответственности [Принимали участие: М.А. Исакович, М.А. Леонтович, Д.И. Сахаров и др.]
Имя издателя, распространителя и т.д. Наука
Сведения, относящиеся к заглавию Учеб.
Заглавие Элементарный учебник физики
ISBN 5020152005
Номер тома Т. 3
702 #1 - ИМЯ ЛИЦА - ВТОРИЧНАЯ ОТВЕТСТВЕННОСТЬ
Начальный элемент ввода Ландсберг-Барышанская
Часть имени, кроме начального элемента ввода Ф.С.
Код отношения Прочие
801 #0 - ИСТОЧНИК ЗАПИСИ
Страна Российская Федерация
Организация NLR
Правила каталогизации psbo
801 #1 - ИСТОЧНИК ЗАПИСИ
Страна Российская Федерация
Организация ELAR
Источник данных rusmarc
852 ## - МЕСТОНАХОЖДЕНИЕ И ШИФР ХРАНЕНИЯ
Идентификатор организации NLR
Шифр хранения (Call Number) 96-3/2593
942 ## - ДОПОЛНИТЕЛЬНЫЕ ЭЛЕМЕНТЫ ЗАПИСИ (АБИС)
Тип экземпляра АБИС Книга
980 ## - КОЛЛЕКЦИЯ
Название коллекции Национальная библиография
Экземпляры
Тип экземпляра Дата поступления Библиотека постоянного хранения Библиотека текущего хранения Место хранения Шифр хранения Штрих-код Статус экземпляра
Книга 26.10.2013 РНБ (Московский) РНБ (Московский) Русский книжный фонд: издания с 1957 года 96-3/2593 8763540-10